[Event "4NCL/Div3/WRO2 vs. AMCAD"]
[Site "Hinckley Island ENG"]
[Date "2009.03.21"]
[Round "7.1"]
[White "Arnott, Jonathan W"]
[Black "Webb, Richard M"]
[Result "1/2-1/2"]
[WhiteElo "2117"]
[BlackElo "2266"]
[PlyCount "36"]
[EventDate "2009.03.21"]
[SourceDate "2008.10.04"]

1. e4 c5 2. c3 Nf6 3. e5 Nd5 4. Nf3 d6 5. Bc4 Nb6 6. Bb3 Nc6 7. exd6 e6 8. d4
cxd4 9. Nxd4 Nxd4 10. Qxd4 Qxd6 11. Qxd6 Bxd6 12. Nd2 Bd7 13. Ne4 Bc7 14. Be3
Bc6 15. f3 Nd5 16. Bd4 e5 17. Bc5 O-O-O 18. O-O-O b6 1/2-1/2

[Event "4NCL/Div3/WRO2 vs. AMCAD"]
[Site "Hinckley Island ENG"]
[Date "2009.03.21"]
[Round "7.2"]
[White "Bonafont, Philip"]
[Black "Archer, Richard"]
[Result "1/2-1/2"]
[WhiteElo "2140"]
[BlackElo "2120"]
[PlyCount "42"]
[EventDate "2009.03.21"]
[SourceDate "2008.10.04"]

1. d4 Nf6 2. Nf3 e6 3. c4 d5 4. Nc3 Bb4 5. Bg5 h6 6. Bxf6 Qxf6 7. cxd5 exd5 8.
Qb3 Bxc3+ 9. Qxc3 c6 10. e3 Bf5 11. Be2 Nd7 12. O-O O-O 13. b4 Rac8 14. Rfc1
Rc7 15. a4 Rfc8 16. Qb3 Qd6 17. a5 a6 18. Ne1 Nf6 19. Nd3 Bxd3 20. Bxd3 Re8 21.
Rab1 Ng4 1/2-1/2

[Event "4NCL/Div3/WRO2 vs. AMCAD"]
[Site "Hinckley Island ENG"]
[Date "2009.03.21"]
[Round "7.3"]
[White "Shaw, Peter"]
[Black "Purdon, Colin"]
[Result "1/2-1/2"]
[WhiteElo "2123"]
[BlackElo "2097"]
[PlyCount "83"]
[EventDate "2009.03.21"]
[SourceDate "2008.10.04"]

1. d4 d5 2. c4 c6 3. Nf3 Nf6 4. e3 e6 5. Nc3 Nbd7 6. a3 Bd6 7. Bd3 O-O 8. O-O
e5 9. cxd5 cxd5 10. dxe5 Nxe5 11. Be2 Nxf3+ 12. Bxf3 Be6 13. Nb5 Be5 14. Nd4
Qb6 15. b4 Bxd4 16. Qxd4 Qxd4 17. exd4 Bf5 18. Bg5 Ne4 19. Be3 Rac8 20. Rfc1 h6
21. h4 Rfe8 22. Rxc8 Rxc8 23. Rc1 Rxc1+ 24. Bxc1 Kf8 25. h5 Ke7 26. Bf4 Bd7 27.
Kf1 Bb5+ 28. Ke1 Bc6 29. Ke2 a6 30. Ke3 Ke6 31. Bd1 Nc3 32. Bc2 Nb5 33. a4 Nc3
34. Kd3 Nxa4 35. Bxa4 Bxa4 36. Be5 f6 37. Bc7 Be8 38. g4 g6 39. hxg6 Bxg6+ 40.
Kc3 h5 41. gxh5 Bxh5 42. Bd8 1/2-1/2

[Event "4NCL/Div3/WRO2 vs. AMCAD"]
[Site "Hinckley Island ENG"]
[Date "2009.03.21"]
[Round "7.4"]
[White "Duvall, Ian"]
[Black "Lewyk, Ihor"]
[Result "1-0"]
[WhiteElo "2047"]
[BlackElo "2146"]
[PlyCount "123"]
[EventDate "2009.03.21"]
[SourceDate "2008.10.04"]

1. d4 Nf6 2. c4 e6 3. Nc3 Bb4 4. e3 c5 5. Bd3 O-O 6. Nge2 b6 7. O-O Bb7 8. d5
Bxc3 9. Nxc3 d6 10. e4 e5 11. Bg5 Nbd7 12. Nb5 Qe7 13. f3 h6 14. Be3 Nh5 15. g3
a6 16. Nc3 g5 17. f4 Ng7 18. fxg5 hxg5 19. Qd2 f6 20. Rf2 Rf7 21. Raf1 Raf8 22.
Be2 Kh7 23. Bg4 Kg6 24. Qe2 Rh8 25. Qf3 Rff8 26. Qe2 Bc8 27. Bd2 Qd8 28. Qe3
Qe7 29. Rf3 Qd8 30. Qf2 Qe7 31. Nd1 b5 32. b3 Nb6 33. Bxc8 Nxc8 34. Ne3 Nb6 35.
Qe2 b4 36. Ng4 Nd7 37. Qe3 Rh5 38. Qe2 Rhh8 39. R1f2 Ne8 40. Ne3 Ng7 41. Qf1
Rh5 42. Ng4 Ne8 43. Ne3 Ng7 44. Nf5 Nxf5 45. Rxf5 Qh7 46. Qe2 Rh3 47. Bxg5 Rh5
48. Bh4 Rxf5 49. Rxf5 Qh6 50. Qg4+ Kf7 51. Rf2 Ke7 52. Qe6+ Kd8 53. Qxd6 Qe3
54. Qxa6 Qe1+ 55. Kg2 Qxe4+ 56. Kh3 Ke7 57. Qe6+ Kd8 58. d6 Re8 59. Bxf6+ Nxf6
60. Qxf6+ Kc8 61. Qg7 Qc6 62. Rf8 1-0

[Event "4NCL/Div3/WRO2 vs. AMCAD"]
[Site "Hinckley Island ENG"]
[Date "2009.03.21"]
[Round "7.5"]
[White "Webb, Matthew"]
[Black "Hart, David"]
[Result "1/2-1/2"]
[WhiteElo "2035"]
[BlackElo "2029"]
[PlyCount "141"]
[EventDate "2009.03.21"]
[SourceDate "2008.10.04"]

1. e4 c5 2. a3 d5 3. exd5 Qxd5 4. Nc3 Qd8 5. Bc4 Nf6 6. Nf3 e6 7. O-O a6 8. d4
cxd4 9. Nxd4 Be7 10. Be3 Qc7 11. Qe2 b5 12. Bd3 Bb7 13. Rae1 O-O 14. Bg5 Qc5
15. Nf5 Bd8 16. Bxf6 Bxf6 17. Ng3 Bxc3 18. bxc3 Nd7 19. Ne4 Qxa3 20. Ra1 Qe7
21. Qh5 Bxe4 22. Bxe4 Nf6 23. Qh4 Ra7 24. Bd3 Qc5 25. Qb4 Rc8 26. Bxb5 Qxc3 27.
Qxc3 Rxc3 28. Bxa6 Rxc2 29. Bd3 Rcc7 30. Rxa7 Rxa7 31. Rc1 g5 32. h3 Kg7 33.
Kh2 Ra2 34. Rc2 Rxc2 35. Bxc2 Nd5 36. Kg3 f5 37. h4 h6 38. hxg5 hxg5 39. Kf3
Kf6 40. Bb3 g4+ 41. Ke2 Nc3+ 42. Kd3 Ne4 43. Ke3 Ke5 44. g3 Kf6 45. Bc2 Ng5 46.
Ba4 e5 47. Bd7 Ne6 48. Bc8 Nd4 49. Bb7 Kg5 50. Bd5 Nb5 51. Bc6 Nd6 52. Bd7 f4+
53. gxf4+ exf4+ 54. Ke2 Ne4 55. Bc6 Nf6 56. Bb7 Nd7 57. Bd5 Ne5 58. Bb7 Kh4 59.
Bc8 Kh3 60. Kf1 Kh2 61. Bb7 f3 62. Bc8 g3 63. fxg3 Kxg3 64. Ba6 f2 65. Ke2 Ng4
66. Kd2 Nh2 67. Ke3 Kg2 68. Bb7+ Kf1 69. Kd2 Kg1 70. Ba6 Kg2 71. Kd1 1/2-1/2

[Event "4NCL/Div3/WRO2 vs. AMCAD"]
[Site "Hinckley Island ENG"]
[Date "2009.03.21"]
[Round "7.6"]
[White "McLaughlin, Noel"]
[Black "Whitaker, Thomas R"]
[Result "0-1"]
[WhiteElo "2025"]
[BlackElo "1995"]
[PlyCount "78"]
[EventDate "2009.03.21"]
[SourceDate "2008.10.04"]

1. Nf3 Nf6 2. c4 c5 3. g3 Nc6 4. Bg2 g6 5. Nc3 Bg7 6. Rb1 O-O 7. a3 d5 8. cxd5
Nxd5 9. e4 Nxc3 10. dxc3 Qxd1+ 11. Kxd1 Be6 12. Kc2 Rac8 13. Ng5 Ba2 14. Ra1
Bc4 15. b3 Ba6 16. Bb2 Rfd8 17. Rad1 Ne5 18. c4 b5 19. Bh3 Rb8 20. f4 Nc6 21.
Bxg7 Kxg7 22. Rxd8 Rxd8 23. cxb5 Bxb5 24. Rc1 Nd4+ 25. Kb2 h5 26. a4 Ba6 27.
Nxf7 Kxf7 28. Rxc5 Rb8 29. Rc3 Be2 30. Bg2 Bd1 31. Rd3 Rxb3+ 32. Rxb3 Nxb3 33.
Bf1 Nc5 34. a5 Nxe4 35. Ka3 Ke6 36. Kb4 Kd6 37. Bd3 Kd5 38. Kb5 Bb3 39. Kb4 Ba2
0-1

[Event "4NCL/Div3/PPA2 vs. MET"]
[Site "Hinckley Island ENG"]
[Date "2009.03.21"]
[Round "7.1"]
[White "Richter, Hans"]
[Black "Dickson, George"]
[Result "1-0"]
[WhiteElo "2149"]
[BlackElo "2103"]
[PlyCount "63"]
[EventDate "2009.03.21"]
[SourceDate "2008.10.04"]

1. d4 Nf6 2. c4 c5 3. d5 b5 4. cxb5 a6 5. bxa6 g6 6. Nc3 Bxa6 7. Nf3 Bg7 8. g3
O-O 9. Bg2 d6 10. O-O Nbd7 11. Rb1 Ng4 12. Qc2 Nge5 13. Nxe5 Nxe5 14. b3 Qd7
15. h3 c4 16. b4 Rfc8 17. Bd2 Bb5 18. f4 Nd3 19. Nxb5 Qxb5 20. exd3 Bd4+ 21.
Kh1 cxd3 22. Qd1 Rxa2 23. Rc1 Rcc2 24. Rxc2 dxc2 25. Qf3 Qa6 26. f5 Ra1 27.
fxg6 Bf6 28. gxh7+ Kxh7 29. Bc1 Kg8 30. b5 Qxb5 31. Qg4+ Kh8 32. Qc8+ 1-0

[Event "4NCL/Div3/PPA2 vs. MET"]
[Site "Hinckley Island ENG"]
[Date "2009.03.21"]
[Round "7.2"]
[White "Fegan, Chris"]
[Black "Winfridsson, Ola"]
[Result "0-1"]
[WhiteElo "2091"]
[BlackElo "2127"]
[PlyCount "58"]
[EventDate "2009.03.21"]
[SourceDate "2008.10.04"]

1. d4 Nf6 2. Nf3 d5 3. e3 c5 4. c3 cxd4 5. exd4 Nc6 6. Bd3 Bg4 7. h3 Bxf3 8.
Qxf3 e6 9. O-O Bd6 10. Bg5 Be7 11. Nd2 Qb6 12. Nb3 a5 13. Rfe1 a4 14. Nc5 Qxb2
15. Reb1 Qxc3 16. Nxe6 Nxd4 17. Nxg7+ Kf8 18. Qe3 Nc2 19. Ne6+ fxe6 20. Bh6+
Kf7 21. Bg6+ hxg6 22. Qxc3 Rac8 23. Qd2 Nxa1 24. Rxa1 Ne4 25. Qf4+ Bf6 26. Rb1
g5 27. Rxb7+ Kg6 28. Qg4 Rc1+ 29. Kh2 Rh1+ 0-1

[Event "4NCL/Div3/PPA2 vs. MET"]
[Site "Hinckley Island ENG"]
[Date "2009.03.21"]
[Round "7.3"]
[White "Jarvis, David"]
[Black "Calvert, D Ian"]
[Result "0-1"]
[WhiteElo "2160"]
[BlackElo "2051"]
[PlyCount "96"]
[EventDate "2009.03.21"]
[SourceDate "2008.10.04"]

1. Nf3 d5 2. c4 c6 3. g3 Nf6 4. Bg2 g6 5. O-O Bg7 6. Qb3 O-O 7. d3 Nbd7 8. cxd5
Nxd5 9. d4 Qb6 10. Qd1 N7f6 11. Nbd2 Bf5 12. Nc4 Qc7 13. Nh4 Be6 14. Ne5 Nd7
15. e4 N5b6 16. Nd3 Bc4 17. e5 Nd5 18. b3 Bxd3 19. Qxd3 N7b6 20. Bb2 a5 21. a3
e6 22. Rac1 Rfc8 23. f4 Ne7 24. g4 f5 25. exf6 Bxf6 26. g5 Bg7 27. Qe4 Qd6 28.
Rce1 Nf5 29. Nf3 Nd5 30. Ne5 Bxe5 31. fxe5 Qe7 32. Bc1 c5 33. Qg4 cxd4 34. Bxd5
exd5 35. Rxf5 gxf5 36. Qxf5 Rf8 37. Qd3 Rac8 38. Kh1 Qf7 39. g6 hxg6 40. Bh6
Qf3+ 41. Qxf3 Rxf3 42. e6 Re8 43. Bg5 Rxb3 44. e7 Rxa3 45. Rf1 Re3 46. Rf6
R3xe7 47. Rd6 Re6 48. Rxd5 Re5 0-1

[Event "4NCL/Div3/PPA2 vs. MET"]
[Site "Hinckley Island ENG"]
[Date "2009.03.21"]
[Round "7.4"]
[White "Vachtfeidl, Petr"]
[Black "Doci, Stefan"]
[Result "0-1"]
[WhiteElo "2005"]
[BlackElo "2052"]
[PlyCount "118"]
[EventDate "2009.03.21"]
[SourceDate "2008.10.04"]

1. e4 c5 2. Nf3 d6 3. d4 cxd4 4. Nxd4 Nf6 5. Nc3 a6 6. Be2 Qc7 7. O-O g6 8. Nd5
Nxd5 9. exd5 Bg7 10. Bf3 Nd7 11. g3 O-O 12. Re1 Bxd4 13. Qxd4 Ne5 14. Bg2 Qxc2
15. Bh6 Re8 16. Rac1 Qd3 17. Qf4 Qf5 18. Rc7 Qh5 19. Qg5 Qxg5 20. Bxg5 f6 21.
Bd2 Kf7 22. Bc3 Nd3 23. Re3 Nc5 24. b4 Na4 25. Bd4 b5 26. Kf1 Bf5 27. Be4 Bxe4
28. Rxe4 Rac8 29. Rexe7+ Rxe7 30. Rxc8 Re4 31. Rc7+ Kg8 32. Bxf6 Rxb4 33. Rg7+
Kf8 34. Rxh7 Nb6 35. Bd8 Nxd5 36. Rd7 Rd4 37. Bg5 a5 38. Ke1 Nc3 39. Bd2 b4 40.
Bxc3 bxc3 41. Rc7 Ra4 42. Rxc3 Rxa2 43. Rc7 a4 44. h4 a3 45. Ra7 d5 46. g4 d4
47. h5 gxh5 48. gxh5 d3 49. Kd1 Ra1+ 50. Kd2 a2 51. h6 Kg8 52. h7+ Kh8 53. Ra8+
Kxh7 54. Ra7+ Kg6 55. Ra6+ Kf5 56. Ra5+ Kf4 57. Ra4+ Kf3 58. Ra8 Rf1 59. Rf8+
Kg4 0-1

[Event "4NCL/Div3/PPA2 vs. MET"]
[Site "Hinckley Island ENG"]
[Date "2009.03.21"]
[Round "7.5"]
[White "Bailey, Kevin"]
[Black "Murphy, Kieran"]
[Result "1-0"]
[WhiteElo "2056"]
[BlackElo "2048"]
[PlyCount "109"]
[EventDate "2009.03.21"]
[SourceDate "2008.10.04"]

1. e4 e6 2. d4 d5 3. e5 c5 4. c3 Qb6 5. Nf3 Nc6 6. Be2 Nh6 7. Bxh6 gxh6 8. Qd2
Bg7 9. O-O O-O 10. Na3 cxd4 11. cxd4 f6 12. exf6 Rxf6 13. Nc2 Bd7 14. b4 Be8
15. b5 Ne7 16. Ne5 Ng6 17. Ng4 Rf4 18. g3 Rf8 19. Nxh6+ Kh8 20. Ng4 e5 21. dxe5
Nxe5 22. Nxe5 Bxe5 23. Rad1 Rd8 24. Nd4 Bg6 25. a4 Rd6 26. Bg4 a5 27. Rfe1 Be4
28. Qe3 Rdf6 29. Rf1 Bd6 30. f3 Bg6 31. Kg2 Bc5 32. Qc3 Kg8 33. Nb3 Bb4 34. Qd4
Qxd4 35. Nxd4 Re8 36. h4 h5 37. Bh3 Re3 38. Rc1 Bc3 39. Nc2 Re2+ 40. Rf2 Rxf2+
41. Kxf2 d4 42. Ne1 Kf8 43. Bf1 Ke7 44. Nd3 Kd6 45. f4 b6 46. Ne5 Be8 47. Bd3
Kc5 48. Rb1 Kd5 49. Kf3 Bd2 50. Rb2 Bc3 51. Rb1 Ke6 52. g4 hxg4+ 53. Kxg4 Bd2
54. Rf1 Bxf4 55. Rxf4 1-0

[Event "4NCL/Div3/PPA2 vs. MET"]
[Site "Hinckley Island ENG"]
[Date "2009.03.21"]
[Round "7.6"]
[White "Cooke, Charlie"]
[Black "McMahon, Paul"]
[Result "0-1"]
[WhiteElo "1880"]
[BlackElo "2045"]
[PlyCount "44"]
[EventDate "2009.03.21"]
[SourceDate "2008.10.04"]

1. d4 Nf6 2. c4 e5 3. dxe5 Ng4 4. Nf3 Bc5 5. e3 Nc6 6. a3 a5 7. b3 Ngxe5 8. Bb2
d6 9. Nxe5 Nxe5 10. f4 Bxe3 11. fxe5 Qh4+ 12. g3 Qe4 13. Qd3 Qxh1 14. Qxe3 O-O
15. Nd2 Qxh2 16. exd6 Bg4 17. d7 Rad8 18. Bxg7 Rxd7 19. Bf6 h6 20. Ra2 Rd6 21.
Nf3 Qxa2 22. Qxh6 Re8+ 0-1

[Event "4NCL/Div3/GLOSG vs. GUI4"]
[Site "Hinckley Island ENG"]
[Date "2009.03.21"]
[Round "7.1"]
[White "Hosken, Nigel"]
[Black "Punnett, Alan K"]
[Result "1/2-1/2"]
[WhiteElo "2057"]
[BlackElo "2102"]
[PlyCount "97"]
[EventDate "2009.03.21"]
[SourceDate "2008.10.04"]

1. d4 Nf6 2. c4 e6 3. Nc3 Bb4 4. Bg5 h6 5. Bh4 c5 6. Rc1 cxd4 7. Qxd4 Nc6 8.
Bxf6 Nxd4 9. Bxd8 Kxd8 10. e3 Nc6 11. Nf3 b6 12. a3 Be7 13. Be2 Bb7 14. O-O g5
15. Rfd1 g4 16. Nd4 Nxd4 17. Rxd4 h5 18. Rcd1 Bc6 19. b4 Bf6 20. R4d3 Bxc3 21.
Rxc3 Ke7 22. c5 b5 23. a4 bxa4 24. b5 Bd5 25. f3 f5 26. Rd4 Bb3 27. e4 fxe4 28.
fxg4 hxg4 29. Rxe4 Rhg8 30. Rxg4 Rxg4 31. Bxg4 Bd5 32. Bd1 Rg8 33. g3 Kf6 34.
Bxa4 Ke5 35. c6 dxc6 36. bxc6 Rc8 37. h4 Rc7 38. Kh2 Kd4 39. Rc1 Bf3 40. Bd1
Rxc6 41. Rxc6 Bxc6 42. g4 Ke5 43. Kg3 a5 44. h5 Kf6 45. Kf4 e5+ 46. Ke3 Kg5 47.
Bc2 a4 48. h6 Kxh6 49. Bxa4 1/2-1/2

[Event "4NCL/Div3/GLOSG vs. GUI4"]
[Site "Hinckley Island ENG"]
[Date "2009.03.21"]
[Round "7.2"]
[White "Stimpson, Philip M"]
[Black "Lambourne, Daniel M"]
[Result "1/2-1/2"]
[WhiteElo "2077"]
[BlackElo "2003"]
[PlyCount "83"]
[EventDate "2009.03.21"]
[SourceDate "2008.10.04"]

1. e4 c5 2. Nc3 Nc6 3. Nf3 e5 4. Bc4 d6 5. d3 Be7 6. Nd5 Nf6 7. Nxe7 Qxe7 8. c3
h6 9. h3 a6 10. a4 O-O 11. O-O Be6 12. Bxe6 Qxe6 13. c4 a5 14. Be3 Nd7 15. Nh4
Ne7 16. g4 Qf6 17. Nf5 g5 18. Qd2 Nxf5 19. gxf5 Qg7 20. Kh2 f6 21. Qd1 Kf7 22.
Qb3 b6 23. Qb5 Ke7 24. Rg1 Qf7 25. Rg3 Rg8 26. Rag1 Rac8 27. Qb3 Rg7 28. R1g2
Rcg8 29. Qd1 Kd8 30. Qb3 Kc7 31. Qb5 Qe8 32. Kg1 Nb8 33. Qxe8 Rxe8 34. h4 Reg8
35. hxg5 hxg5 36. Rh3 Kd7 37. Rgh2 Ke7 38. Rh8 Kf7 39. R2h6 Rxh8 40. Rxh8 Rg8
41. Rh7+ Rg7 42. Rh8 1/2-1/2

[Event "4NCL/Div3/GLOSG vs. GUI4"]
[Site "Hinckley Island ENG"]
[Date "2009.03.21"]
[Round "7.3"]
[White "Meade, Philip J"]
[Black "Hill, David F"]
[Result "0-1"]
[WhiteElo "2055"]
[BlackElo "2064"]
[PlyCount "54"]
[EventDate "2009.03.21"]
[SourceDate "2008.10.04"]

1. e4 c5 2. Nf3 e6 3. d4 cxd4 4. Nxd4 a6 5. Be2 Nf6 6. Nc3 Qc7 7. O-O d6 8. Be3
b5 9. a3 Bb7 10. f3 Nbd7 11. Qe1 Be7 12. Qg3 h5 13. Rad1 h4 14. Qf2 Ne5 15.
Ndxb5 axb5 16. Bb6 Qd7 17. Nxb5 O-O 18. c4 Qc6 19. Rc1 Nfd7 20. Be3 Nc5 21.
Rfd1 Ba6 22. Nd4 Qa4 23. Qf1 Nb3 24. Rc3 Rfb8 25. f4 Nxd4 26. fxe5 Nxe2+ 27.
Qxe2 Rxb2 0-1

[Event "4NCL/Div3/GLOSG vs. GUI4"]
[Site "Hinckley Island ENG"]
[Date "2009.03.21"]
[Round "7.4"]
[White "Higgs, Anthony"]
[Black "Taylor, Geoffrey P"]
[Result "1/2-1/2"]
[WhiteElo "1995"]
[BlackElo "2019"]
[PlyCount "65"]
[EventDate "2009.03.21"]
[SourceDate "2008.10.04"]

1. g3 e5 2. a3 d5 3. Nf3 Bd6 4. d3 Nf6 5. Bg2 O-O 6. Bg5 Be6 7. Nbd2 Nbd7 8. c3
h6 9. Bxf6 Nxf6 10. O-O Qd7 11. e4 dxe4 12. Nxe4 Nxe4 13. dxe4 Rad8 14. Qc2 Bc4
15. Rfe1 Qe6 16. b4 Be7 17. Bf1 Bb3 18. Qb2 Ba4 19. c4 f6 20. Rac1 c5 21. Qc3
Be8 22. Rcd1 Rxd1 23. Rxd1 Bc6 24. Bg2 Qc8 25. Nh4 Rd8 26. Re1 Kh7 27. Nf5 Bf8
28. b5 Be8 29. Ne3 Rd4 30. Nf5 Rd8 31. Ne3 Rd4 32. Nf5 Rd8 33. Ne3 1/2-1/2

[Event "4NCL/Div3/GLOSG vs. GUI4"]
[Site "Hinckley Island ENG"]
[Date "2009.03.21"]
[Round "7.5"]
[White "Waterfield, John"]
[Black "McCullough, Simon L"]
[Result "0-1"]
[WhiteElo "2023"]
[BlackElo "1896"]
[PlyCount "120"]
[EventDate "2009.03.21"]
[SourceDate "2008.10.04"]

1. e4 c5 2. c3 e6 3. d4 cxd4 4. cxd4 Nf6 5. e5 Nd5 6. Nf3 Nc6 7. Nc3 d6 8. exd6
Bxd6 9. Bd2 O-O 10. Bc4 Nf4 11. O-O Ng6 12. Ne4 e5 13. dxe5 Ncxe5 14. Nxd6 Qxd6
15. Nxe5 Nxe5 16. Be2 Nc6 17. Be3 Qg6 18. Bh5 Qf6 19. Qb3 b6 20. Rac1 Bb7 21.
Qc3 Qe6 22. b3 Rac8 23. Qc4 Qxc4 24. Rxc4 Ne5 25. Rxc8 Rxc8 26. Rd1 g6 27. Bd4
Nc6 28. Bf3 Nxd4 29. Bxb7 Rc2 30. Kf1 Ne6 31. a4 Rb2 32. Rd7 Rxb3 33. Bd5 Rb1+
34. Ke2 Nf4+ 35. Kf3 Nxd5 36. Rxd5 Rb3+ 37. Ke2 Ra3 38. Rd4 Kf8 39. g3 Ke7 40.
Kf1 a5 41. Kg2 Rb3 42. Re4+ Kd6 43. Rd4+ Kc6 44. Rc4+ Kb7 45. Re4 Rb4 46. Re7+
Ka6 47. Rxf7 Rxa4 48. Rxh7 Rc4 49. h4 a4 50. h5 gxh5 51. Rxh5 a3 52. Rh1 a2 53.
Ra1 Ra4 54. f4 b5 55. f5 b4 56. f6 b3 57. f7 b2 58. Rxa2 Rxa2 59. f8=Q b1=Q+
60. Kh3 Qh7+ 0-1

[Event "4NCL/Div3/GLOSG vs. GUI4"]
[Site "Hinckley Island ENG"]
[Date "2009.03.21"]
[Round "7.6"]
[White "Bryant, Richard"]
[Black "Dodwell, Phil"]
[Result "1-0"]
[WhiteElo "1920"]
[BlackElo "2005"]
[PlyCount "193"]
[EventDate "2009.03.21"]
[SourceDate "2008.10.04"]

1. e4 e5 2. Nc3 Nf6 3. Nf3 Nc6 4. Bb5 Bb4 5. O-O O-O 6. Bxc6 bxc6 7. Nxe5 Re8
8. Nd3 Bxc3 9. dxc3 Nxe4 10. Re1 d5 11. f3 Nd6 12. Bf4 Rb8 13. b3 f6 14. Qd2
Bf5 15. Nb4 Qd7 16. Na6 Rbd8 17. Be3 Nc8 18. Re2 Qf7 19. Rae1 h6 20. a4 Kh7 21.
Bf4 Nd6 22. Nb4 Bd7 23. Bg3 a5 24. Na6 Rxe2 25. Rxe2 Bf5 26. Nc5 Re8 27. Kf1
Qg6 28. Nd3 Qf7 29. Ke1 Qg6 30. Rxe8 Nxe8 31. Kd1 Nd6 32. Nc5 Qe8 33. Qe1 Qg6
34. Qd2 Qf7 35. Kc1 Qe7 36. Nd3 Kg8 37. Bf2 Kf7 38. Bc5 Qd7 39. g4 Bh7 40. Qf4
Qe6 41. Kd2 Kg8 42. Qe3 Qd7 43. Bd4 Nb7 44. b4 Nd6 45. Nb2 Kf7 46. Bc5 Nb7 47.
bxa5 Nxa5 48. Bb4 Nb7 49. Nd3 Nd6 50. Qe2 Qc8 51. a5 Nc4+ 52. Ke1 Qe8 53. Qxe8+
Kxe8 54. a6 Nb6 55. Bc5 Na8 56. Kd2 Bg8 57. Nb4 Be6 58. Nxc6 g6 59. Ke3 Bc8 60.
a7 Bb7 61. Na5 Ba6 62. h4 h5 63. gxh5 gxh5 64. Kd4 Be2 65. f4 Bf3 66. Nc6 Kd7
67. Nb4 Ke6 68. Ke3 Be4 69. Nc6 Kf5 70. Nd4+ Kg4 71. Be7 Kxh4 72. Bxf6+ Kg3 73.
Be5 Kg4 74. Kf2 h4 75. Nb5 c5 76. Kg1 Bf3 77. Bd6 h3 78. Kh2 Bg2 79. Be5 Kf5
80. Nd6+ Ke6 81. Nb7 c4 82. Nc5+ Ke7 83. f5 Kf7 84. Ne6 Ke7 85. Nf4 Be4 86. f6+
Kf7 87. Kxh3 Bxc2 88. Nxd5 Be4 89. Ne3 Nb6 90. Bd4 Nd7 91. Nxc4 Bd5 92. Ne5+
Nxe5 93. Bxe5 Ke6 94. c4 Bc6 95. Bd4 Kf7 96. Kg3 Ke6 97. Kf4 1-0

[Event "4NCL/Div3/WWKS2 vs. BCA"]
[Site "Hinckley Island ENG"]
[Date "2009.03.21"]
[Round "7.1"]
[White "Malik, Dani"]
[Black "Crouch, Colin"]
[Result "1/2-1/2"]
[WhiteElo "2125"]
[BlackElo "2365"]
[PlyCount "80"]
[EventDate "2009.03.21"]
[SourceDate "2008.10.04"]

1. e4 d5 2. exd5 Qxd5 3. Nc3 Qd6 4. d4 Nf6 5. Nf3 c6 6. g3 Bg4 7. Bg2 e6 8. O-O
Be7 9. h3 Bh5 10. Bf4 Qd8 11. g4 Bg6 12. Ne5 Nbd7 13. Nxg6 hxg6 14. Qf3 Nb6 15.
Rad1 Nfd5 16. Nxd5 cxd5 17. Qe2 Bd6 18. Be5 O-O 19. Bxd6 Qxd6 20. f4 Rac8 21.
c3 Nc4 22. b3 Na3 23. Qd2 Nb5 24. Rc1 Rfd8 25. a4 Nc7 26. f5 gxf5 27. gxf5 e5
28. f6 exd4 29. cxd4 Ne6 30. Rxc8 Rxc8 31. fxg7 Kxg7 32. Qf2 Rc7 33. Qf6+ Kg8
34. Kh1 Qg3 35. Rg1 Rc2 36. Qe5 Nf4 37. Qe8+ Kg7 38. Qe5+ Kg8 39. Qe8+ Kg7 40.
Qe5+ Kg8 1/2-1/2

[Event "4NCL/Div3/WWKS2 vs. BCA"]
[Site "Hinckley Island ENG"]
[Date "2009.03.21"]
[Round "7.2"]
[White "Ross, Chris"]
[Black "Malik, Kaiser"]
[Result "1-0"]
[WhiteElo "2197"]
[BlackElo "2075"]
[PlyCount "49"]
[EventDate "2009.03.21"]
[SourceDate "2008.10.04"]

1. d4 Nc6 2. Nf3 d5 3. c4 Bf5 4. cxd5 Qxd5 5. Nc3 Qd7 6. d5 Nd8 7. Bf4 Nf6 8.
Ne5 Qc8 9. e4 Bd7 10. Nxd7 Nxd7 11. Be2 e5 12. Bg3 Bd6 13. O-O O-O 14. Nb5 Nf6
15. Nxd6 cxd6 16. Rc1 Qd7 17. Qc2 b6 18. Bh4 Ne8 19. Ba6 Nb7 20. b4 f5 21. Qc6
Rf7 22. exf5 Rb8 23. g4 Nd8 24. Qxd7 Rxd7 25. Bb5 1-0

[Event "4NCL/Div3/WWKS2 vs. BCA"]
[Site "Hinckley Island ENG"]
[Date "2009.03.21"]
[Round "7.3"]
[White "Hunt, Malcolm A"]
[Black "Lilley, Graham"]
[Result "1-0"]
[WhiteElo "2080"]
[BlackElo "2097"]
[PlyCount "59"]
[EventDate "2009.03.21"]
[SourceDate "2008.10.04"]

1. d4 Nf6 2. Nf3 g6 3. Bf4 Bg7 4. h3 O-O 5. e3 d6 6. c4 Nbd7 7. Nc3 b6 8. Be2
Bb7 9. O-O c5 10. d5 a6 11. a4 Ne8 12. Qd2 Ne5 13. Rad1 Nxf3+ 14. Bxf3 Nc7 15.
e4 b5 16. axb5 axb5 17. cxb5 Bxc3 18. bxc3 Nxb5 19. Be2 Ba6 20. Bh6 Re8 21.
Bxb5 Bxb5 22. c4 Ba4 23. Qc3 f6 24. Rc1 Qa5 25. Qg3 Reb8 26. h4 Rb3 27. Qg4 Qd8
28. Qe6+ Kh8 29. Qf7 Qg8 30. Qxe7 1-0

[Event "4NCL/Div3/WWKS2 vs. BCA"]
[Site "Hinckley Island ENG"]
[Date "2009.03.21"]
[Round "7.4"]
[White "Cole, Tristram C"]
[Black "Cooper, David M"]
[Result "1/2-1/2"]
[WhiteElo "1970"]
[BlackElo "2085"]
[PlyCount "50"]
[EventDate "2009.03.21"]
[SourceDate "2008.10.04"]

1. e4 e6 2. d4 d5 3. Be3 dxe4 4. Nd2 Nf6 5. c3 Bd7 6. Qc2 Bc6 7. Ne2 Nbd7 8.
Ng3 Be7 9. Ngxe4 Nxe4 10. Nxe4 Nf6 11. Bd3 Nxe4 12. Bxe4 Bxe4 13. Qxe4 Qd5 14.
Qxd5 exd5 15. O-O Bd6 16. Rfe1 Kd7 17. Re2 Rae8 18. Rae1 Re6 19. Kf1 Rhe8 20.
Bd2 h5 21. h3 Rxe2 22. Rxe2 Re6 23. Rxe6 Kxe6 24. Ke2 Kf5 25. Kf3 c6 1/2-1/2

[Event "4NCL/Div3/WWKS2 vs. BCA"]
[Site "Hinckley Island ENG"]
[Date "2009.03.21"]
[Round "7.5"]
[White "Fallowfield, Jeremy"]
[Black "Whittle, Les"]
[Result "1-0"]
[WhiteElo "2022"]
[BlackElo "1885"]
[PlyCount "85"]
[EventDate "2009.03.21"]
[SourceDate "2008.10.04"]

1. e4 e5 2. Nf3 Nc6 3. Nc3 a6 4. d4 exd4 5. Nxd4 Qf6 6. Be3 Bb4 7. Qd3 Ne5 8.
Qd2 d6 9. a3 Bxc3 10. Qxc3 c6 11. O-O-O Ne7 12. Qd2 Ng4 13. Bf4 Ng6 14. Bg3 O-O
15. h4 h5 16. f3 N4e5 17. Qg5 Ne7 18. Qxf6 gxf6 19. Ne2 N7g6 20. Rxd6 Kg7 21.
Nf4 Nxf4 22. Bxf4 Be6 23. Be2 Rad8 24. Rhd1 Rxd6 25. Rxd6 Re8 26. Be3 Bc4 27.
Kd1 Re7 28. b3 Bxe2+ 29. Kxe2 Rd7 30. Rxd7 Nxd7 31. Bd4 Kg6 32. g4 Nf8 33.
gxh5+ Kxh5 34. Bxf6 Ng6 35. Ke3 Nf8 36. Kf4 Kg6 37. Be7 Nd7 38. e5 b6 39. Ke4
Nb8 40. f4 Nd7 41. f5+ Kg7 42. e6 fxe6 43. fxe6 1-0

[Event "4NCL/Div3/WWKS2 vs. BCA"]
[Site "Hinckley Island ENG"]
[Date "2009.03.21"]
[Round "7.6"]
[White "Ross, David J"]
[Black "Weaving, Richard"]
[Result "0-1"]
[WhiteElo "1845"]
[BlackElo "1950"]
[PlyCount "58"]
[EventDate "2009.03.21"]
[SourceDate "2008.10.04"]

1. e4 e5 2. Bc4 Nc6 3. c3 Nf6 4. d3 Bc5 5. Bg5 O-O 6. Nd2 d6 7. Qf3 Kh8 8. h3
Be6 9. Ne2 Qe7 10. Ng3 h6 11. Bxf6 Qxf6 12. Qxf6 gxf6 13. Rf1 Rg8 14. O-O-O
Raf8 15. Nf3 f5 16. exf5 Bxc4 17. dxc4 Bxf2 18. Rxf2 Rxg3 19. c5 e4 20. Ne1 Rd8
21. cxd6 cxd6 22. Rfd2 Ne5 23. Rxd6 Nd3+ 24. R1xd3 Rxd3 25. Rxh6+ Kg7 26. Nxd3
Kxh6 27. Ne5 Kg7 28. g4 e3 29. Nf3 e2 0-1

[Event "4NCL/Div3/LIT1 vs. HACK"]
[Site "Hinckley Island ENG"]
[Date "2009.03.21"]
[Round "7.1"]
[White "Byron, Alan M"]
[Black "Chin, Francis"]
[Result "1/2-1/2"]
[WhiteElo "2162"]
[BlackElo "2236"]
[PlyCount "45"]
[EventDate "2009.03.21"]
[SourceDate "2008.10.04"]

1. c4 e6 2. g3 f5 3. Bg2 Nf6 4. Nc3 Be7 5. Nf3 O-O 6. O-O d6 7. d4 Qe8 8. Re1
Nc6 9. Bg5 Ne4 10. Bxe7 Nxc3 11. bxc3 Qxe7 12. e4 f4 13. e5 fxg3 14. hxg3 Bd7
15. exd6 cxd6 16. d5 Nd8 17. Qd2 e5 18. c5 Nf7 19. Rab1 Rab8 20. cxd6 Qxd6 21.
Rb4 b6 22. Rbe4 Rbe8 23. R4e3 1/2-1/2